Normal view
MARC view
- Watts, Jacqueline
Entry Personal Name
001 - CONTROL NUMBER
- control field: 44003
003 - CONTROL NUMBER IDENTIFIER
- control field: NUST
005 - DATE AND TIME OF LATEST TRANSACTION
- control field: 20210314132842.0
008 - FIXED-LENGTH DATA ELEMENTS
- fixed length control field: 210314|| aca||aabn | a|a d
040 ## - CATALOGING SOURCE
- Original cataloging agency: NUST
- Transcribing agency: NUST
100 ## - HEADING--PERSONAL NAME
- Personal name: Watts, Jacqueline
670 ## - SOURCE DATA FOUND
- Source citation: Work cat.: (NUST): Burt, N 43998, Barrages, engineering design & environmental impacts :, 1996.
